00646cam a22002291 4500001001300000003000400013005001700017008004100034010001700075025001900092035002000111040001800131042001200149050001700161100001600178245009000194260002200284300002400306651002200330650004700352999001700399sa 66005762 DLC20260227112251.0870803q19601969ii 000 0 eng  asa 66005762  aPL480:I-E-5881 a(OCoLC)16359678 aDLCcWaUdDLC apremarc00aJQ220.L3bJ61 aJohn, K. K.14aThe only solution to India's language problem,cby K.K. John. Foreword by A.R. Wadia. aNew Delhic[196-] aviii, 52 p.c21 cm. 0aIndiaxLanguages. 0aLanguage and languagesxPolitical aspects. c70148d70148